|
|
|
|
| LEADER |
00000cam a22000004a 4500 |
| 001 |
musev2_68694 |
| 003 |
MdBmJHUP |
| 005 |
20230905051112.0 |
| 006 |
m o d |
| 007 |
cr||||||||nn|n |
| 008 |
081013s2008 ncu o 00 0 eng d |
| 020 |
|
|
|a 9780822390282
|
| 020 |
|
|
|z 9780822340379
|
| 020 |
|
|
|z 9780822340188
|
| 035 |
|
|
|a (OCoLC)1139383464
|
| 040 |
|
|
|a MdBmJHUP
|c MdBmJHUP
|
| 100 |
1 |
|
|a Candelario, Ginetta E. B.
|
| 245 |
1 |
0 |
|a Black behind the Ears :
|b Dominican Racial Identity from Museums to Beauty Shops /
|c Ginetta E.B. Candelario.
|
| 264 |
|
1 |
|a Durham :
|b Duke University Press,
|c 2007.
|
| 264 |
|
3 |
|a Baltimore, Md. :
|b Project MUSE,
|c 2020
|
| 264 |
|
4 |
|c ©2007.
|
| 300 |
|
|
|a 1 online resource (358 pages).
|
| 336 |
|
|
|a text
|b txt
|2 rdacontent
|
| 337 |
|
|
|a computer
|b c
|2 rdamedia
|
| 338 |
|
|
|a online resource
|b cr
|2 rdacarrier
|
| 505 |
0 |
|
|a Introduction : "We declare that we are Indians" : Dominican identity displays and discourses in travel writing, museums, beauty shops, and bodies -- "It is said that Haiti is getting blacker and blacker" : traveling narratives of Dominican identity -- "The Africans have no [public] history" : the Museo del Hombre Dominicano and indigenous displays of Dominican identity -- "I could go the African American route" : Dominicans in the black mosaic of Washington, D.C. -- "They are taken into account for their opinions" : making community and displaying identity at a Dominican beauty shop in New York City -- "Black women are confusing, but the hair lets you know" : perceiving the boundaries of Dominicanidad -- Conclusion : "Black behind the ears, and up front, too" : ideological code switching and ambiguity in Dominican identities.
|
| 520 |
|
|
|a An innovative historical and ethnographic examination of Dominican identity formation in the Dominican Republic and the United States.
|
| 546 |
|
|
|a English.
|
| 588 |
|
|
|a Description based on print version record.
|
| 610 |
2 |
7 |
|a Dominicans.
|2 fast
|0 (OCoLC)fst00533548
|
| 610 |
2 |
0 |
|a Dominicans
|z United States
|x Ethnic identity.
|
| 650 |
|
7 |
|a National characteristics, Dominican.
|2 fast
|0 (OCoLC)fst01033403
|
| 650 |
|
7 |
|a Ethnicity.
|2 fast
|0 (OCoLC)fst00916034
|
| 650 |
|
7 |
|a Black people
|x Race identity.
|2 fast
|0 (OCoLC)fst00833987
|
| 650 |
|
7 |
|a SOCIAL SCIENCE
|x Ethnic Studies
|x African American Studies.
|2 bisacsh
|
| 650 |
|
7 |
|a BIOGRAPHY & AUTOBIOGRAPHY
|x Cultural Heritage.
|2 bisacsh
|
| 650 |
|
6 |
|a Dominicains (Peuple)
|
| 650 |
|
6 |
|a Ethnicite
|z Republique dominicaine.
|
| 650 |
|
0 |
|a National characteristics, Dominican.
|
| 650 |
|
0 |
|a Ethnicity
|z Dominican Republic.
|
| 650 |
|
0 |
|a Black people
|x Race identity
|z Dominican Republic.
|
| 651 |
|
7 |
|a United States.
|2 fast
|0 (OCoLC)fst01204155
|
| 651 |
|
7 |
|a Dominican Republic.
|2 fast
|0 (OCoLC)fst01206148
|
| 655 |
|
7 |
|a Electronic books.
|2 local
|
| 710 |
2 |
|
|a Project Muse.
|e distributor
|
| 830 |
|
0 |
|a Book collections on Project MUSE.
|
| 856 |
4 |
0 |
|z Texto completo
|u https://projectmuse.uam.elogim.com/book/68694/
|
| 945 |
|
|
|a Project MUSE - Custom Collection
|